Ngôn ngữ học đối chiếu và đối chiếu các ngôn ngữ Đông Nam Á
v...v
Đã lưu trong:
| Tác giả chính: | |
|---|---|
| Định dạng: | Sách |
| Năm xuất bản: |
H.
Đại học sư phạm Ngoại ngữ
1992
|
| Chủ đề: | |
| Tags: |
Thêm thẻ
Không có thẻ, Hãy là người đầu tiên gắn thẻ bản ghi này!
|
| LEADER | 01135nam a2200205 4500 | ||
|---|---|---|---|
| 082 | |a 410 |b Ng527V | ||
| 100 | |a Nguyễn Văn Chiến | ||
| 245 | |a Ngôn ngữ học đối chiếu và đối chiếu các ngôn ngữ Đông Nam Á |c Nguyễn Văn Chiến | ||
| 260 | |a H. |b Đại học sư phạm Ngoại ngữ |c 1992 | ||
| 300 | |a 220tr |c 19cm. | ||
| 520 | |a v...v | ||
| 653 | |a Ngôn ngữ học | ||
| 653 | |a Ngôn ngữ | ||
| 653 | |a Đông Nam Á | ||
| 942 | |2 ddc |c STK0 | ||
| 999 | |c 10511 |d 10511 | ||
| 952 | |0 0 |1 0 |2 ddc |4 0 |6 410_000000000000000_NG527V |7 0 |8 400 |9 82637 |a qbu |b qbu |c D2 |d 2015-08-11 |g 18000 |o 410 Ng527V |p 10324.c1 |r 0000-00-00 |w 2015-08-11 |y STK0 | ||
| 952 | |0 0 |1 0 |2 ddc |4 0 |6 410_000000000000000_NG527V |7 0 |8 400 |9 82638 |a qbu |b qbu |c D2 |d 2015-08-11 |g 18000 |l 1 |o 410 Ng527V |p 10324.c2 |r 2017-05-10 |s 2017-04-25 |w 2015-08-11 |y STK0 | ||
| 952 | |0 0 |1 0 |2 ddc |4 0 |6 410_000000000000000_NG527V |7 0 |8 400 |9 82639 |a qbu |b qbu |c D2 |d 2015-08-11 |g 18000 |l 3 |o 410 Ng527V |p 10324.c3 |r 2017-11-14 |s 2017-11-01 |w 2015-08-11 |y STK0 | ||
| 952 | |0 0 |1 0 |2 ddc |4 0 |6 410_000000000000000_NG527V |7 0 |8 400 |9 82640 |a qbu |b qbu |c D2 |d 2015-08-11 |g 18000 |o 410 Ng527V |p 10324.c4 |r 0000-00-00 |w 2015-08-11 |y STK0 | ||